MARC

LEADER 00000nam0a2200000 4500
001 24835
005 20231101205631.0
035 |a (RuTPU)RU\TPU\book\25067 
035 |a BOOK00000022 
090 |a 24835 
100 |a 20011209d2000 m y0rusy50 ca 
101 0 |a rus 
102 |a RU 
105 |a y j 000zy 
200 1 |a Английский язык  |h Ч. 2  |e учебное пособие  |f Л. Д. Гартман [и др.]  |g Томский политехнический университет 
210 |a Томск  |c Изд-во ТПУ  |d 2000 
215 |a 55 с. 
451 1 |0 (RuTPU)RU\TPU\book\26008  |t Ч. 2  |d 2001  |p 54 с. 
451 1 |0 (RuTPU)RU\TPU\book\9823  |t Английский язык  |h Ч. 2  |o учебное пособие  |f Л. Д. Гартман [и др.]  |g Томский политехнический университет  |c Томск  |n Изд-во ТПУ  |d 1999  |p 65 с. 
606 |a Английский язык  |x Учебные руководства и пособия  |x Учебные руководства и пособия для высшей школы  |2 stltpush  |3 (RuTPU)RU\TPU\subj\29071  |9 52483 
606 |a Английский язык  |x Учебные руководства и пособия для заочного обучения  |2 stltpush  |3 (RuTPU)RU\TPU\subj\29077  |9 52489 
610 1 |a лексика 
610 1 |a устная речь 
610 1 |a разговорная речь 
610 1 |a учебные пособия 
610 1 |a дистанционное обучение 
610 1 |a заочное обучение 
686 |a Ш143.21-923  |v LBC/SL-A  |2 rubbk 
686 |a Ш143.21-98  |v LBC/SL-A  |2 rubbk 
701 1 |a Гартман  |b Л. Д.  |g Людмила Давыдовна 
701 1 |a Карташова  |b И. Н.  |g Ирина Николаевна 
701 1 |a Покушалова  |b Л. В.  |g Лидия Владимировна 
701 1 |a Сапунова  |b Ю. В.  |g Юлия Владимировна 
712 0 2 |a Томский политехнический университет  |2 stltpush  |3 (RuTPU)RU\TPU\col\376 
801 0 |a RU  |b 63413507  |c 20011209  |g PSBO 
801 2 |a RU  |b 63413507  |c 20170921  |g PSBO 
942 |c BK